<?xml version="1.0" encoding="UTF-8"?>
<marc:record xmlns:marc="http://www.loc.gov/MARC21/slim">
   <marc:leader>00000nam a2200000 a 4500</marc:leader>
   <marc:datafield ind1="1" ind2=" " tag="100">
      <marc:subfield code="a">Baumbach, Martina</marc:subfield>
      <marc:subfield code="4">aut</marc:subfield>
      <marc:subfield code="e">Verfasser/-in</marc:subfield>
   </marc:datafield>
   <marc:datafield ind1="1" ind2=" " tag="100">
      <marc:subfield code="a">Czerwenka, Eva</marc:subfield>
      <marc:subfield code="4">aut</marc:subfield>
      <marc:subfield code="e">Verfasser/-in</marc:subfield>
   </marc:datafield>
   <marc:datafield ind1="0" ind2="0" tag="245">
      <marc:subfield code="a">Ein Stiefel für den Nikolaus</marc:subfield>
   </marc:datafield>
   <marc:datafield ind1="0" ind2="0" tag="245">
      <marc:subfield code="c">Martina Baumbach ; Eva Czerwenka</marc:subfield>
   </marc:datafield>
   <marc:datafield ind1=" " ind2="1" tag="264">
      <marc:subfield code="a">Stuttgart/Wien</marc:subfield>
      <marc:subfield code="b">Gabriel-Verl.</marc:subfield>
      <marc:subfield code="c">2013</marc:subfield>
   </marc:datafield>
   <marc:datafield ind1=" " ind2=" " tag="250">
      <marc:subfield code="a">1</marc:subfield>
   </marc:datafield>
   <marc:datafield ind1="1" ind2=" " tag="520">
      <marc:subfield code="a">Lotta und Jakob sind so gespannt: Bald ist Nikolaustag! Voller Vorfreude putzen sie ihre Stiefel und üben das Nikolauslied. Woher der Nikolaus wohl immer so genau weiß, womit er anderen eine Freude machen kann? Als Lotta jedoch den armen Bettler vor dem Kaufhaus entdeckt, ist sie gar nicht mehr so sicher, dass der Nikolaus an alle denkt. Doch plötzlich haben sie und Jakob eine Idee, wie sie nicht nur dem Bettler heimlich eine Freude machen können. Am Nikolaustag dann gibt es gleich mehrere Überraschungen: für Lotta und Jakob und für den Bettler. Eine Nikolauserzählung aus der heutigen Zeit.</marc:subfield>
   </marc:datafield>
   <marc:datafield ind1=" " ind2=" " tag="020">
      <marc:subfield code="a">9783522303460</marc:subfield>
      <marc:subfield code="9">9783522303460</marc:subfield>
   </marc:datafield>
   <marc:datafield ind1=" " ind2=" " tag="020">
      <marc:subfield code="a">3522303466</marc:subfield>
      <marc:subfield code="9">3522303466</marc:subfield>
   </marc:datafield>
   <marc:datafield ind1=" " ind2=" " tag="300">
      <marc:subfield code="a">o.S. : überw. III.</marc:subfield>
   </marc:datafield>
</marc:record>
